Catecismo positivista o exposición resumida de la religión universal
Gardado en:
| Autor Principal: | |
|---|---|
| Formato: | Libro |
| Idioma: | Lingua castelá |
| Publicado: |
Madrid
Editora Nacional
1982
|
| Series: | Clásicos para una biblioteca contemporanea, 11
|
| Subjects: | |
| Tags: |
Engadir etiqueta
Sen Etiquetas, Sexa o primeiro en etiquetar este rexistro!
|
MARC
| LEADER | 00000nam a2200000 a 4500 | ||
|---|---|---|---|
| 001 | UCX0487 | ||
| 003 | CL-VaPUC | ||
| 008 | 891025e19820000SP |||||||||||||||||spa|d | ||
| 082 | 0 | 4 | |a 146.4 |b COM |2 21 |
| 100 | |a Comte, Augusto |e author |9 581395 | ||
| 245 | 1 | 0 | |a Catecismo positivista o exposición resumida de la religión universal |
| 300 | |a 299 p | ||
| 942 | |c BK | ||
| 945 | |d 19891025 00:00:00 | ||
| 260 | |a Madrid |b Editora Nacional |c 1982 | ||
| 650 | 0 | |a Positivismo |9 269460 | |
| 583 | |a last modification |c 19891025 00:00:00 |k Rodrigo Vera | ||
| 490 | 0 | |a Clásicos para una biblioteca contemporanea, 11 | |
| 999 | |c 222080 |d 222078 | ||
| 952 | |0 0 |1 0 |4 0 |6 146_400000000000000_COM_1982 |7 0 |8 A |9 216324 |a BIBTEO |b BIBTEO |d 2019-11-15 |i 2848996 |l 1 |o 146.4 COM 1982 |p 2848996 |r 2025-01-17 |s 2023-05-16 |w 2019-11-15 |y BK |k ICR | ||
| 952 | |0 0 |1 0 |4 0 |6 146_400000000000000_COM_1982 |7 0 |8 A |9 216325 |a BIBEDU |b BIBEDU |d 2019-11-15 |i 156630K |o 146.4 COM 1982 |p 156630K |r 2019-11-15 |w 2019-11-15 |y BK |k FIL | ||
| 952 | |0 0 |1 0 |4 0 |6 146_400000000000000_COM_1982 |7 0 |8 A |9 216326 |a BIBHIS |b BIBHIS |d 2019-11-15 |i 1331116 |o 146.4 COM 1982 |p 1331116 |r 2025-01-20 |w 2019-11-15 |y BK |k HIS | ||